|
|
|
|
| LEADER |
00000cam a2200000 c 4500 |
| 001 |
1092489312 |
| 003 |
DE-627 |
| 005 |
20240429190019.0 |
| 007 |
tu |
| 008 |
901206s1822 xx ||||| 00| ||lat c |
| 035 |
|
|
|a (DE-627)1092489312
|
| 035 |
|
|
|a (DE-576)022489312
|
| 035 |
|
|
|a (DE-599)BSZ022489312
|
| 035 |
|
|
|a (OCoLC)256930144
|
| 035 |
|
|
|a (DE-604)015619591
|
| 040 |
|
|
|a DE-627
|b ger
|c DE-627
|e rakwb
|
| 041 |
|
|
|a lat
|
| 084 |
|
|
|a 1
|2 ssgn
|
| 100 |
1 |
|
|0 (DE-588)100049885
|0 (DE-627)691525994
|0 (DE-576)167235354
|4 aut
|a Borott, Johann
|d 1757-1832
|
| 109 |
|
|
|a Borott, Johann 1757-1832
|a Borott, Johann Baptist 1757-1832
|a Borott, Johannes 1757-1832
|
| 245 |
1 |
0 |
|a Synopsis Theologiae Pastoralis
|b candidatorum Theologiae et munus pastorale Ineuntium usibus adornata
|c opera et studio Joannis Borott
|
| 264 |
|
1 |
|a Dresdae
|b Arnold
|c 1822
|
| 300 |
|
|
|a XVI, 142 S.
|c 8o
|
| 336 |
|
|
|a Text
|b txt
|2 rdacontent
|
| 337 |
|
|
|a ohne Hilfsmittel zu benutzen
|b n
|2 rdamedia
|
| 338 |
|
|
|a Band
|b nc
|2 rdacarrier
|
| 583 |
1 |
|
|a Archivierung/Langzeitarchivierung gewährleistet
|f SSG
|x XA-DE-BW
|2 pdager
|5 DE-21
|
| 751 |
|
|
|a Dresden
|0 (DE-588)4012995-0
|0 (DE-627)106345745
|0 (DE-576)20890140X
|4 pup
|
| 935 |
|
|
|a mteo
|
| 951 |
|
|
|a BO
|
| ELC |
|
|
|b 1
|
| ITA |
|
|
|a 1
|t 1
|
| LOK |
|
|
|0 000 xxxxxcx a22 zn 4500
|
| LOK |
|
|
|0 001 2155553579
|
| LOK |
|
|
|0 003 DE-627
|
| LOK |
|
|
|0 004 1092489312
|
| LOK |
|
|
|0 005 20130413100802
|
| LOK |
|
|
|0 008 901206||||||||||||||||ger|||||||
|
| LOK |
|
|
|0 040
|a DE-21
|c DE-627
|d DE-21
|
| LOK |
|
|
|0 852
|a DE-21
|
| LOK |
|
|
|0 852 1
|c Gi 1364
|9 00
|
| LOK |
|
|
|0 935
|a aber
|a theo
|
| LOK |
|
|
|0 939
|a 06-12-90
|b l01
|
| ORI |
|
|
|a SA-MARC-ixtheoa001.raw
|